000
00276nam a22001217a 4500
008
170718b xxu||||| |||| 00| 0 eng d
041
_a
eng
080
_a
2
100
_a
24
101
_a
TEO
245
_a
THE NEW TESTAMENT OF THE JERUSALEM BIBLE
_c
JONES, A
942
_2
udc
_c
BK
999
_c
21443
_d
21443